00430nam a2200157Ia 450000500170000000800410001702000150005808200130007310000180008624500570010426000410016130000190020265000260022165000140024765000110026120250307044110.0240331s9999 xx 000 0 und d a8170131464 bVITa954 aVittachi, V.P 0aSri Lanka what went wrong :bJ.R.Jayewardene's free  aNew DelhibNavarang Publishersc1995 aViii, 154 p ., aSri Lankan Government aPolitical aSocial